| 000 | 00750nam a2200181Ia 4500 | ||
|---|---|---|---|
| 008 | 100921s9999 xx 000 0 und d | ||
| 082 |
_b42866 _a920.02 न 08 |
||
| 100 | _aमोने उत्तरा. | ||
| 245 | _aछंद माझा वेगळा. | ||
| 260 |
_bनवचैतन्य प्रकाशन, मुंबई. _c2008 |
||
| 300 |
_a96 _bजयेश एजन्सी,पुणे. |
||
| 365 | _b100 | ||
| 520 | _aचरित्र- संग्रह,व्यिक्तचित्रे. | ||
| 630 | _aछंद माझा वेगळा. | ||
| 650 | _aचरित्र- संग्रह,व्यिक्तचित्रे. | ||
| 730 | _aछंद माझा वेगळा. | ||
| 942 | _cBOOK | ||
| 999 |
_c791979 _d791976 |
||